000 00319nam a22001457a 4500
008 240126b ||||| |||| 00| 0 eng d
020 _a6722977
041 _aeng
080 _21968
_a521
082 _a521CAI
100 _a19
101 _aASTRO
245 _aANATOMY OF THE EARTH
_cANDRE CAILLEUX
942 _2udc
_cBK
999 _c60550
_d60550